| 000 | 01788nam a2200421 a 4500 | ||
|---|---|---|---|
| 001 | ebr10073548 | ||
| 003 | CaPaEBR | ||
| 006 | m u | ||
| 007 | cr cn||||||||| | ||
| 008 | 020612s2003 enka sb 001 0 eng | ||
| 010 | _z 2002073585 | ||
| 020 | _z0521822645 | ||
| 040 |
_aCaPaEBR _cCaPaEBR |
||
| 035 | _a(OCoLC)57309014 | ||
| 050 | 1 | 4 |
_aPE2922 _b.E54 2003eb |
| 082 | 0 | 4 |
_a427/.975 _221 |
| 245 | 0 | 0 |
_aEnglish in the southern United States _h[electronic resource] / _cedited by Stephen J. Nagle and Sara L. Sanders. |
| 260 |
_aCambridge, U.K. ; _aNew York : _bCambridge University Press, _c2003. |
||
| 300 |
_axiv, 244 p. : _bill. |
||
| 490 | 1 | _aStudies in English language | |
| 504 | _aIncludes bibliographical references (p. 208-232) and index. | ||
| 533 |
_aElectronic reproduction. _bPalo Alto, Calif. : _cebrary, _d2013. _nAvailable via World Wide Web. _nAccess may be limited to ebrary affiliated libraries. |
||
| 650 | 0 |
_aEnglish language _zSouthern States. |
|
| 650 | 0 |
_aEnglish language _zSouthern States _xForeign elements _xAfrican. |
|
| 650 | 0 |
_aEnglish language _xSocial aspects _zSouthern States. |
|
| 650 | 0 |
_aAfrican Americans _zSouthern States _xLanguages. |
|
| 650 | 0 |
_aEnglish language _xVariation _zSouthern States. |
|
| 650 | 0 |
_aEnglish language _xDialects _zSouthern States. |
|
| 650 | 0 |
_aAfrican languages _xInfluence on English. |
|
| 650 | 0 |
_aBlack English _zSouthern States. |
|
| 650 | 0 |
_aAmericanisms _zSouthern States. |
|
| 655 | 7 |
_aElectronic books. _2local |
|
| 700 | 1 |
_aNagle, Stephen J., _d1948- |
|
| 700 | 1 | _aSanders, Sara L. | |
| 710 | 2 | _aebrary, Inc. | |
| 830 | 0 | _aStudies in English language. | |
| 856 | 4 | 0 |
_uhttp://site.ebrary.com/lib/rucke/Doc?id=10073548 _zAn electronic book accessible through the World Wide Web; click to view |
| 999 |
_c34153 _d34153 |
||